<?xml version="1.0" encoding="UTF-8"?>
<record
    xmlns:xsi="http://www.w3.org/2001/XMLSchema-instance"
    xsi:schemaLocation="http://www.loc.gov/MARC21/slim http://www.loc.gov/standards/marcxml/schema/MARC21slim.xsd"
    xmlns="http://www.loc.gov/MARC21/slim">

  <leader>01850    a2200205   4500</leader>
  <controlfield tag="001">25190</controlfield>
  <controlfield tag="005">20260407155535.0</controlfield>
  <controlfield tag="008">260407a1967    arg                 spa d</controlfield>
  <controlfield tag="003">AR-UNSa-BCEJYS</controlfield>
  <datafield tag="040" ind1=" " ind2=" ">
    <subfield code="a">AR-UNSa-BCEJYS</subfield>
    <subfield code="b">spa</subfield>
    <subfield code="c">AR-UNSa-BCEJYS</subfield>
  </datafield>
  <datafield tag="080" ind1=" " ind2=" ">
    <subfield code="a">519.2</subfield>
    <subfield code="x">Probabilidades y estad&#xED;stica matem&#xE1;tica
</subfield>
  </datafield>
  <datafield tag="245" ind1="1" ind2="0">
    <subfield code="a">M&#xE9;todos estad&#xED;sticos</subfield>
  </datafield>
  <datafield tag="250" ind1=" " ind2=" ">
    <subfield code="a">5a. ed</subfield>
  </datafield>
  <datafield tag="264" ind1=" " ind2="1">
    <subfield code="a">Panam&#xE1; :</subfield>
    <subfield code="b">Libros McGraw-Hill</subfield>
    <subfield code="c">1967</subfield>
  </datafield>
  <datafield tag="300" ind1=" " ind2=" ">
    <subfield code="a">498 p.</subfield>
    <subfield code="c">23 cm.</subfield>
  </datafield>
  <datafield tag="505" ind1=" " ind2=" ">
    <subfield code="a">1. Concepto de probabilidad - 2. Probabilidad condicionada. Dependencia e independencia - 3. Variable aleatoria discreta - 4. Caracteristicas de la distribuci&#xF3;n de una variable aleatiria discreta - 5. Espacios probabilisticos generales - 6. Variable aleatiria generales - 7. Caracteristicas de la distribuci&#xF3;n de una variable aletoria general - 8. Funci&#xF3;n caracteristica - 9. Algunas distribuciones continuas - 10. Variable estadisticas y variables aleatorias multidimensionales - 11. Cambios de variables - 12. Regresi&#xF3;n y correlaci&#xF3;n - 13. Regresi&#xF3;n y correlaci&#xF3;n para n variables - 14. algunas distribuciones n-variables - 15. Teoremas de limites - 16. Distribuciones asociadas al proceso de muestreo de una poblaci&#xF3;n param&#xE9;trica - 17. Distribuciones asociadas al proceso de muestreo de una poblaci&#xF3;n no param&#xE9;trica - 18. Estimaci&#xF3;n por intervalos de confianza - 19. Estimadores por punto - 20. Estimadores por punto para muestras grandes - 21. Test de hip&#xF3;tesis estad&#xED;sticas - 22. Algunos test no param&#xE9;tricos - 23. Muestras de poblaci&#xF3;nes finitas - 24. Aplicaciones a la medida de magnitudes f&#xED;sicas - 25. An&#xE1;lisis de la varianza - 26. Idea del dise&#xF1;o de experimentos - 27. M&#xE9;todos de estimaci&#xF3;n en modelos lineales - 28. M&#xE9;todo secuencial - 29. Proceso de decisi&#xF3;n.</subfield>
  </datafield>
  <datafield tag="942" ind1=" " ind2=" ">
    <subfield code="c">BK</subfield>
  </datafield>
  <datafield tag="590" ind1=" " ind2=" ">
    <subfield code="a">niveau_biblio:m niveau_hierar:0</subfield>
  </datafield>
  <datafield tag="100" ind1="1" ind2=" ">
    <subfield code="a">Rios, Sixto</subfield>
  </datafield>
  <datafield tag="999" ind1=" " ind2=" ">
    <subfield code="c">1301</subfield>
    <subfield code="d">1301</subfield>
  </datafield>
  <datafield tag="952" ind1=" " ind2=" ">
    <subfield code="0">0</subfield>
    <subfield code="1">0</subfield>
    <subfield code="4">0</subfield>
    <subfield code="7">0</subfield>
    <subfield code="a">BCEJYS</subfield>
    <subfield code="b">BCEJYS</subfield>
    <subfield code="c">16</subfield>
    <subfield code="d">2026-04-07</subfield>
    <subfield code="l">0</subfield>
    <subfield code="o">519.2 R586 5ed.</subfield>
    <subfield code="p">L22532</subfield>
    <subfield code="r">2026-04-07 15:55:35</subfield>
    <subfield code="w">2026-04-07</subfield>
    <subfield code="y">L</subfield>
  </datafield>
  <datafield tag="952" ind1=" " ind2=" ">
    <subfield code="0">0</subfield>
    <subfield code="1">0</subfield>
    <subfield code="4">0</subfield>
    <subfield code="7">0</subfield>
    <subfield code="a">BCEJYS</subfield>
    <subfield code="b">BCEJYS</subfield>
    <subfield code="c">16</subfield>
    <subfield code="d">2026-04-07</subfield>
    <subfield code="l">0</subfield>
    <subfield code="o">519.2 R586 5ed.</subfield>
    <subfield code="p">L22533</subfield>
    <subfield code="r">2026-04-07 15:55:35</subfield>
    <subfield code="w">2026-04-07</subfield>
    <subfield code="y">L</subfield>
  </datafield>
</record>
